000 00194nam a2200109Ia 4500
100 _a#N/A
650 _aComputers
942 _cBK
245 _aUninstaller
260 _b#N/A
546 _aENGLISH
999 _c32289
_d32289